| 000 -LEADER |
| fixed length control field |
01456cam a2200397 a 4500 |
| 001 - CONTROL NUMBER |
| control field |
16157719 |
| 003 - CONTROL NUMBER IDENTIFIER |
| control field |
NUST |
| 005 - DATE AND TIME OF LATEST TRANSACTION |
| control field |
20191202103927.0 |
| 008 - FIXED-LENGTH DATA ELEMENTS--GENERAL INFORMATION |
| fixed length control field |
100329s2011 enkabf b 001 0 eng |
| 010 ## - LIBRARY OF CONGRESS CONTROL NUMBER |
| LC control number |
2010010596 |
| 020 ## - INTERNATIONAL STANDARD BOOK NUMBER |
| International Standard Book Number |
9781405196710 (cloth) |
| 020 ## - INTERNATIONAL STANDARD BOOK NUMBER |
| International Standard Book Number |
1405196718 (cloth) |
| 035 ## - SYSTEM CONTROL NUMBER |
| System control number |
(OCoLC)ocn588998932 |
| 038 ## - RECORD CONTENT LICENSOR |
| Staff Name |
M.Ramzan |
| 040 ## - CATALOGING SOURCE |
| Original cataloging agency |
DLC |
| Transcribing agency |
DLC |
| Modifying agency |
YDX |
| -- |
BWK |
| -- |
YDXCP |
| -- |
CDX |
| -- |
AGL |
| -- |
DLC |
| 042 ## - AUTHENTICATION CODE |
| Authentication code |
pcc |
| 050 00 - LIBRARY OF CONGRESS CALL NUMBER |
| Classification number |
TD353 |
| Item number |
.M543 2011 |
| 070 0# - NATIONAL AGRICULTURAL LIBRARY CALL NUMBER |
| Classification number |
TD353 |
| Item number |
.M543 2011 |
| 082 00 - DEWEY DECIMAL CLASSIFICATION NUMBER |
| Classification number |
553.7 |
| Edition number |
22 |
| Author Mark |
FUN |
| 245 00 - TITLE STATEMENT |
| Title |
Modelling the impact of climate change on water resources / |
| Statement of responsibility, etc. |
edited by Fai Fung, Ana Lopez, Mark New. |
| 260 ## - PUBLICATION, DISTRIBUTION, ETC. |
| Place of publication, distribution, etc. |
Chichester, West Sussex, UK ; |
| -- |
Hoboken, NJ : |
| Name of publisher, distributor, etc. |
Wiley-Blackwell, |
| Date of publication, distribution, etc. |
2011. |
| 300 ## - PHYSICAL DESCRIPTION |
| Extent |
187 p., [16] p. of plates : |
| Other physical details |
ill. (some col.), maps (some col.) ; |
| Dimensions |
26 cm. |
| 504 ## - BIBLIOGRAPHY, ETC. NOTE |
| Bibliography, etc. note |
Includes bibliographical references and index. |
| 650 #0 - SUBJECT ADDED ENTRY--TOPICAL TERM |
| Topical term or geographic name entry element |
Water-supply |
| General subdivision |
Forecasting. |
| 9 (RLIN) |
2349 |
| 650 #0 - SUBJECT ADDED ENTRY--TOPICAL TERM |
| Topical term or geographic name entry element |
Climatic changes |
| General subdivision |
Forecasting. |
| 9 (RLIN) |
2350 |
| 650 #0 - SUBJECT ADDED ENTRY--TOPICAL TERM |
| Topical term or geographic name entry element |
Climatic changes |
| General subdivision |
Simulation methods. |
| 9 (RLIN) |
2351 |
| 650 #0 - SUBJECT ADDED ENTRY--TOPICAL TERM |
| Topical term or geographic name entry element |
Watershed management. |
| 9 (RLIN) |
2352 |
| 650 #0 - SUBJECT ADDED ENTRY--TOPICAL TERM |
| Topical term or geographic name entry element |
Droughts |
| General subdivision |
Risk assessment. |
| 9 (RLIN) |
2353 |
| 650 #0 - SUBJECT ADDED ENTRY--TOPICAL TERM |
| Topical term or geographic name entry element |
Long-range weather forecasting. |
| 9 (RLIN) |
2354 |
| 700 1# - ADDED ENTRY--PERSONAL NAME |
| Personal name |
Fung, Fai. |
| 9 (RLIN) |
2355 |
| 700 1# - ADDED ENTRY--PERSONAL NAME |
| Personal name |
Lopez, Ana. |
| 9 (RLIN) |
2356 |
| 700 1# - ADDED ENTRY--PERSONAL NAME |
| Personal name |
New, Mark. |
| 9 (RLIN) |
2357 |
| 906 ## - LOCAL DATA ELEMENT F, LDF (RLIN) |
| a |
7 |
| b |
cbc |
| c |
orignew |
| d |
1 |
| e |
ecip |
| f |
20 |
| g |
y-gencatlg |
| 942 ## - ADDED ENTRY ELEMENTS (KOHA) |
| Source of classification or shelving scheme |
|
| Koha item type |
Book |